| 000 -LEADER |
| fixed length control field |
01628nam a2200325 a 4500 |
| 003 - CONTROL NUMBER IDENTIFIER |
| control field |
AR-BaISA |
| 005 - DATE AND TIME OF LATEST TRANSACTION |
| control field |
20200221133155.0 |
| 007 - PHYSICAL DESCRIPTION FIXED FIELD--GENERAL INFORMATION |
| fixed length control field |
ta |
| 008 - FIXED-LENGTH DATA ELEMENTS--GENERAL INFORMATION |
| fixed length control field |
180824s2015 sp ado | |||| 001 0 spa d |
| 020 ## - INTERNATIONAL STANDARD BOOK NUMBER |
| International Standard Book Number |
9788416781171 |
| 040 ## - CATALOGING SOURCE |
| Transcribing agency |
AR-BaISA |
| 082 04 - DEWEY DECIMAL CLASSIFICATION NUMBER |
| Edition number |
22 |
| Classification number |
612.76 H181 |
| 100 10 - MAIN ENTRY--PERSONAL NAME |
| Personal name |
Hamill, Joseph |
| 9 (RLIN) |
1734 |
| Relator term |
aut. |
| 245 10 - TITLE STATEMENT |
| Title |
Biomecánica, bases del movimiento humano / |
| Statement of responsibility, etc. |
Joseph Hamill, Kathleen M. Knutzen y Timothy R. Derrick |
| 250 ## - EDITION STATEMENT |
| Edition statement |
4ª ed. |
| 260 ## - PUBLICATION, DISTRIBUTION, ETC. |
| Place of publication, distribution, etc. |
Barcelona |
| Name of publisher, distributor, etc. |
Wolters Kluwer, |
| Date of publication, distribution, etc. |
2015 |
| 300 ## - PHYSICAL DESCRIPTION |
| Extent |
XI, 484 p.: |
| Other physical details |
il., graf., fot; |
| Dimensions |
28 cm. |
| 336 ## - CONTENT TYPE |
| Content type term |
Texto (visual) |
| Source |
isbdcontent |
| 337 ## - MEDIA TYPE |
| Media type term |
sin mediación |
| Source |
isbdmedia |
| 504 ## - BIBLIOGRAPHY, ETC. NOTE |
| Bibliography, etc. note |
Bibliografía al final de cada capítulo |
| 504 ## - BIBLIOGRAPHY, ETC. NOTE |
| Bibliography, etc. note |
Índice p: 473-484 |
| 505 ## - FORMATTED CONTENTS NOTE |
| Title |
PRINCIPIOS DEL MOVIMIENTO HUMANO: |
| -- |
Terminología básica -- |
| -- |
Consideraciones esqueléticas para el movimiento -- |
| -- |
Consideraciones musculares para el movimiento -- |
| -- |
Consideraciones neurológicas para el movimiento -- |
| -- |
ANATOMÍA FUNCIONAL: |
| -- |
Anatomía funcional de la extremidad superior -- |
| -- |
Anatomía funcional de la extremidad inferior -- |
| -- |
Anatomía funcional del tronco -- |
| -- |
ANÁLISIS MECÁNICO DEL MOVIMIENTO HUMANO: |
| -- |
Cinemática lineal -- |
| -- |
Cinemática angular -- |
| -- |
Cinética lineal -- |
| -- |
Cinética angular |
| 530 ## - ADDITIONAL PHYSICAL FORM AVAILABLE NOTE |
| Additional physical form available note |
Disponible en línea con clave de acceso incluida en la publicación |
| 650 14 - SUBJECT ADDED ENTRY--TOPICAL TERM |
| Topical term or geographic name entry element |
Biomecánica |
| 9 (RLIN) |
79 |
| 650 14 - SUBJECT ADDED ENTRY--TOPICAL TERM |
| Topical term or geographic name entry element |
Movimiento |
| 9 (RLIN) |
881 |
| 700 1# - ADDED ENTRY--PERSONAL NAME |
| Personal name |
Knutzen, Kathleen |
| 9 (RLIN) |
1735 |
| Relator term |
aut. |
| 700 1# - ADDED ENTRY--PERSONAL NAME |
| Personal name |
Derrick, Timothy R. |
| 9 (RLIN) |
1736 |
| Relator term |
aut. |
| 856 41 - ELECTRONIC LOCATION AND ACCESS |
| Uniform Resource Identifier |
http://thepoint.lww.com/espanol-carpenito14e |
| Link text |
Versión en línea |
| Public note |
con clave de acceso |
| 942 ## - ADDED ENTRY ELEMENTS (KOHA) |
| Source of classification or shelving scheme |
|
| Koha item type |
Libros |